|
|
|
|
| LEADER |
00000nab a2200000 a 4500 |
| 001 |
vtls000504795 |
| 003 |
SK-MaSNL |
| 005 |
20260304214206.0 |
| 008 |
160216c xo 0 slo |
| 015 |
|
|
|a SNBRB19rr/mm-uuuuu
|
| 035 |
|
|
|a CL0504933
|
| 040 |
|
|
|a SNKBUCL
|b slo
|c SNKBUCL
|e AACR2
|
| 041 |
0 |
|
|a slo
|
| 044 |
|
|
|a xo
|c SK
|
| 080 |
|
|
|a 801-051
|2 1981
|
| 080 |
|
|
|a 930.25
|2 1981
|
| 080 |
|
|
|a 929 Gašparíková-Horáková, Anna
|2 1981
|
| 100 |
1 |
|
|a Gráfová, Jarmila,
|d 1945-
|4 aut
|9 105902
|
| 245 |
1 |
0 |
|a Z rukopisnej pozostalosti Anny Gašparíkovej-Horákovej
|c Jarmila Gráfová
|
| 300 |
|
|
|b Obr. 1
|
| 500 |
|
|
|a Začiatok
|
| 600 |
1 |
7 |
|a Horáková, Anna,
|d 1896-1987
|2 snkbucl
|9 157488
|
| 610 |
2 |
7 |
|a Matica slovenská.
|b Archív literatúry a umenia
|2 snkbucl
|9 168377
|
| 650 |
0 |
7 |
|a rukopisná pozostalosť
|2 SNKPH
|9 455445
|
| 650 |
0 |
7 |
|a archívne fondy
|2 SNKPH
|9 1974
|
| 655 |
|
7 |
|a články z novín a časopisov
|2 snkbucl
|9 267496
|
| 773 |
0 |
|
|t Slovenské národné noviny
|g Roč. 4 (8), č. 42 (1993), s. 14
|x 0862-8823
|
| 850 |
|
|
|a Slovenská národná knižnica v Martine
|a MTA001
|
| 852 |
|
|
|a SNK
|b KIS3GCP
|
| 958 |
|
|
|a BX
|
| 958 |
|
|
|a RK
|
| 992 |
|
|
|a RBX
|
| 999 |
|
|
|c 3139983
|d 3141913
|